MARC

LEADER 00000nam0a2200000 4500
001 361376
005 20231102011401.0
035 |a (RuTPU)RU\TPU\retro\18702 
090 |a 361376 
100 |a 20210604d1974 k y0rusy50 ca 
101 0 |a rus 
102 |a RU 
105 |a a z 001zy 
200 1 |a Реакция Прилежаева. Электрофильное окисление  |e монография  |f Е. Н. Прилежаева  |g Академия наук СССР, Институт органической химии им. Н. Д. Зелинского 
210 |a Москва  |c Наука  |d 1974 
215 |a 332 с.  |c ил. 
320 |a Библиография в конце глав 
606 1 |a Электрохимическое окисление  |2 stltpush  |3 (RuTPU)RU\TPU\subj\70834  |9 85004 
610 1 |a реакция Прилежаева 
610 1 |a стереохимия 
610 1 |a углеводороды 
610 1 |a этилен 
610 1 |a ацетилен 
610 1 |a аллены 
610 1 |a электрофильность 
610 1 |a надкислоты 
610 1 |a гетероатомы 
610 1 |a монографии 
675 |a 544.653.2/.3  |v 4 
700 1 |a Прилежаева  |b Е. Н.  |g Елена Николаевна 
712 0 2 |a Академия наук СССР  |b Институт органической химии им. Н. Д. Зелинского  |c (Москва)  |2 stltpush  |3 (RuTPU)RU\TPU\col\11574  |9 25196 
801 1 |a RU  |b 63413507  |c 20210604 
801 2 |a RU  |b 63413507  |c 20210917  |g RCR 
942 |c BK